Československá ústava Historie a současnost

Guardado en:
Detalles Bibliográficos
Otros Autores: Zdobinský, Stanislav
Formato: Libro
Lenguaje:checo
Publicado: Praha Svoboda 1989
Etiquetas: Agregar Etiqueta
Sin Etiquetas, Sea el primero en etiquetar este registro!

MARC

LEADER 00000nam a2200000 4500
001 c040151
005 20260323112922.6
041 0 |a cze 
044 |a CZ 
245 1 0 |a Československá ústava  |b Historie a současnost  |c Stanislav Zdobinský a kol. 
264 1 |a Praha  |b Svoboda  |c 1989 
300 |a 97 s. 
700 1 |a Zdobinský, Stanislav